000
00227 a2200097 4500
001
30895
100
_a
Akhtar
245
_a
Rooh Ki Bimarian Aur Uen Ka Ilaj
260
_a
Karachi
_b
Kutab Khana Mozhari
_c
090
_c
20790
_d
20790
942
_a
NUST-CAE
_c
M
_c
11992
999
_c
265968
_d
265968